100 Biggest Cities of Nepal on a Map - Statistics

General Stats
  • This quiz has been taken 87 times
  • The average score is 16 of 100
Answers on the Map
Answers color-coded by a green-red scale on the quiz's map according to % correct below.
 
Answer Stats
Population City % Correct
862,400 Kathmandu
100%
513,504 Pokhara
73%
79,136 Bhaktapur
65%
294,098 Lalitpur
63%
243,927 Biratnagar
60%
193,576 Hetauda
56%
369,268 Bharatpur
52%
194,556 Janakpur
52%
272,382 Birgunj
50%
194,335 Butwal
50%
166,531 Dharan
42%
116,192 Birtamod
35%
198,792 Dhangadhi
35%
153,863 Birendranagar
31%
107,227 Damak
31%
197,241 Itahari
29%
179,755 Tulsipur
25%
70,913 Bhadrapur
23%
81,578 Kirtipur
23%
102,031 Lahan
23%
70,803 Rajbiraj
23%
67,690 Banepa
21%
74,361 Bardibas
21%
200,530 Ghorahi
21%
133,755 Tokha
19%
122,320 Bhimdatta
17%
177,557 Budhanilkantha
17%
136,860 Chandragiri
17%
86,821 Kawasoti
17%
89,905 Ratnanagar
17%
89,835 Tikapur
17%
98,746 Godawari, Kailali
15%
97,633 Godawari, Lalitpur
15%
74,914 Inaruwa
15%
88,874 Kapilvastu
15%
101,667 Kohalpur
15%
66,419 Lalbandi
15%
119,756 Madhyapur Thimi
15%
133,073 Mechinagar
15%
164,444 Nepalganj
15%
70,908 Urlabari
15%
74,505 Gulariya
13%
127,307 Jitpur Simara
13%
136,222 Kalaiya
13%
71,016 Kamalamai
13%
74,436 Siddharthanagar
13%
95,410 Siraha
13%
140,085 Suryabinayak
13%
149,479 Tilottama
13%
84,018 Arjundhara
10%
81,771 Belbari
10%
81,807 Chandrapur
10%
79,349 Gaindakot
10%
64,017 Ramgram
10%
151,479 Tarakeshwar
10%
91,087 Barah
8%
88,083 Changunarayan
8%
66,074 Duhabi
8%
149,366 Gokarneshwar
8%
90,971 Lamkichuha
8%
123,116 Mahalaxmi
8%
72,085 Sunwal
8%
102,725 Triyuga
8%
78,939 Vyas
8%
72,457 Devdaha
6%
72,481 Gaushala
6%
86,034 Ghodaghodi
6%
70,111 Krishnanagar
6%
63,452 Ramdhuni
6%
63,252 Bansgadhi
4%
72,533 Barbardiya
4%
60,857 Garuda
4%
64,558 Gauriganga
4%
68,377 Ishworpur
4%
63,802 Jaleshwar
4%
130,433 Kageshwari Manohara
4%
62,789 Khajura
4%
71,500 Krishnapur
4%
61,091 Madhyabindu
4%
115,437 Nagarjun
4%
61,748 Punarbas
4%
66,617 Rapti
4%
66,445 Rapti Sonari
4%
61,139 Ratuwamai
4%
74,077 Shivasatakshi
4%
84,810 Shivraj
4%
120,213 Sundarharaicha
4%
69,472 Baijanath
2%
96,714 Banganga
2%
76,703 Bardghat
2%
81,120 Barhathawa
2%
76,507 Buddhabhumi
2%
70,207 Dudhauli
2%
63,885 Golbazar
2%
67,385 Khairhani
2%
87,383 Lumbini Sanskritik
2%
64,645 Maharajgunj
2%
72,451 Pathari Shanishchare
2%
62,282 Sabaila
2%
78,393 Sainamaina
2%
No matching quizzes found
Score Distribution
Percent of People with Each Score
Percentile by Number Answered
Your Score History
You have not taken this quiz